| Tag |
First Indicator |
Second Indicator |
Subfields |
| LEADER |
00000cam a22000008a 4500 |
| 001 |
in00000592111 |
| 005 |
20151014075625.0 |
| 008 |
860828s1987 nyua b 00110 eng |
| 010 |
|
|
|a 86022298
|
| 020 |
|
|
|a 0810913720
|
| 035 |
|
|
|a (OCoLC)14212364
|
| 035 |
|
|
|9 ACP7762AM
|
| 040 |
|
|
|a DLC
|c DLC
|d m/c
|d TXA
|d UtOrBLW
|
| 043 |
|
|
|a a-cc---
|
| 049 |
|
|
|a TXAM
|c [A10107372]
|
| 050 |
0 |
0 |
|a ND1045
|b .C63 1987
|
| 082 |
0 |
|
|a 709/.51
|2 19
|
| 100 |
1 |
|
|a Cohen, Joan Lebold.
|
| 245 |
1 |
4 |
|a The new Chinese painting, 1949-1986 /
|c Joan Lebold Cohen.
|
| 263 |
|
|
|a 8705
|
| 264 |
|
1 |
|a New York :
|b H.N. Abrams,
|c 1987.
|
| 300 |
|
|
|a 167 pages :
|b illustrations, (some color)
|
| 336 |
|
|
|a text
|b txt
|2 rdacontent
|
| 337 |
|
|
|a unmediated
|b n
|2 rdamedia
|
| 338 |
|
|
|a volume
|b nc
|2 rdacarrier
|
| 500 |
|
|
|a "Times Mirror books."
|
| 500 |
|
|
|a Includes index.
|
| 504 |
|
|
|a Bibliography: pages 159-162.
|
| 650 |
|
0 |
|a Painting, Chinese
|y 20th century.
|
| 650 |
|
0 |
|a Art, Chinese
|y 20th century.
|
| 650 |
|
0 |
|a Socialist realism in art
|z China.
|
| 999 |
|
|
|a MARS
|
| 999 |
f |
f |
|s f653e1b1-5154-3e10-af7d-dd4be1074dfb
|i 5f3deb5f-79b8-3536-b4b6-2c4913abcc50
|t 0
|
| 952 |
f |
f |
|p normal
|a Texas A&M University
|b College Station
|c Sterling C. Evans Library
|d Evans: Library Stacks
|t 0
|e ND1045 .C63 1987
|h Library of Congress classification
|i unmediated -- volume
|m A14810107372
|
| 998 |
f |
f |
|a ND1045 .C63 1987
|t 0
|l Evans: Library Stacks
|